Βαθμός δυείσδυσης των τεχνολογιών πληροφορικής και επικοινωνιών στις επιχειρήσεις των χώρων της ευρωπαϊκής ένωσης. Μια συγκριτική μελέτη : πτυχιακή εργασία

Αποθηκεύτηκε σε:
Λεπτομέρειες βιβλιογραφικής εγγραφής
Κύριος συγγραφέας: Μονιώδη, Μαρία
Συγγραφή απο Οργανισμό/Αρχή: Πανεπιστήμιο Αιγαίου Σχολή Επιστημών της Διοίκησης Τμήμα Διοίκησης Επιχειρήσεων - Τ.Δ.Ε
Άλλοι συγγραφείς: Γάκη, Ελένη Λ. (Εισηγητής διατριβής)
Μορφή: Thesis Βιβλίο
Γλώσσα:Greek
Δημοσίευση: 2012
Θέματα:
Διαθέσιμο Online:http://hdl.handle.net/11610/6542
Ετικέτες: Προσθήκη ετικέτας
Δεν υπάρχουν, Καταχωρήστε ετικέτα πρώτοι!

MARC

LEADER 00000cam a2200000 i 4500
001 1/43211
008 140226s2012 gre d
035 |l 10116888 
040 |a GR-MY-UA  |b gre  |e aacr 
041 0 |a gre 
082 0 |a 658.4038  |2 (23) 
100 1 |a Μονιώδη, Μαρία. 
245 1 0 |a Βαθμός δυείσδυσης των τεχνολογιών πληροφορικής και επικοινωνιών στις επιχειρήσεις των χώρων της ευρωπαϊκής ένωσης. Μια συγκριτική μελέτη :  |b πτυχιακή εργασία /  |c Μονιώδη Μαρία ; επιβλέπουσα καθηγήτρια: Γάκη Ελήνη 
260 |c 2012 
300 |a 1 τ.;  |b πίν., διαγρ.;  |c 30 εκ. 
502 # # |a Πτυχιακή εργασία – Πανεπιστήμιο Αιγαίου, Χίος, 2012. 
504 |a Περιλαμβάνει βιβλιογραφία 
650 0 0 |a Information technology. 
650 0 0 |a Information networks. 
650 0 0 |a Computer networks. 
650 0 0 |a Electronic data processing. 
650 0 0 |a Computer science. 
650 0 0 |a Dissertations, Academic  |z Greece. 
700 1 |4 ths  |a Γάκη, Ελένη Λ. 
710 1 |a Πανεπιστήμιο Αιγαίου  |b Σχολή Επιστημών της Διοίκησης  |b Τμήμα Διοίκησης Επιχειρήσεων - Τ.Δ.Ε. 
852 |a INST  |b CHIOS  |c DIATR  |e 20140227  |h 658.4038 ΜΟΝ  |p 005200034973  |q 005200034973  |t DIE  |y 23 
852 |a INST  |b CHIOS  |c DIATR  |e 20140226  |h 658.4038 ΜΟΝ  |p 005200034978  |q 005200034978  |t DIE  |y 23 
856 |u http://hdl.handle.net/11610/6542 
901 |a BIBL2-2014-1 
909 |a Χ  |b 175988 
909 |a Χ  |b 175993 
924 |a ΜΟΝΙΩΔΗ  |b ΜΑΡΙΑ  |y ΧΙΟΣ  |z 2012-09 
970 |a ΠΑΡΟΙΚΑΚΗ  |b ΒΑΣΙΛΙΚΗ  |z 2014/02/26